Words Within Elements - Statistics

General Stats
  • This quiz has been taken 283 times
  • The average score is 14 of 38
Answer Stats
Clue Answer % Correct
Scottish loch dear to crytozoologists' hearts Ness
86%
Hindu deity Shiva can have four of these Arms
76%
Japanese comics, cartooning and animation Manga
74%
Not amateurs (or antis) Pros
68%
Main currency of Switzerland, Liechtenstein and Gabon, among others Franc
66%
Manganese
62%
Spanish for "gold" Oro
62%
An inhabitant of Estonia, Lithuania, or Latvia Balt
60%
First name of cotton gin inventor Whitney Eli
58%
Francium
55%
Cobalt
53%
British-made car not ergonomically suited for Kareem Abdul-Jabbar (see caveat) Mini
48%
Towering, bark-skinned creature from Lord of the Rings Ent
45%
Vietnamese Lunar New Year Tet / Tết
42%
Aluminium
39%
Falcon-headed Egyptian god Horus
39%
Boron
37%
Helium / Berkelium / Nobelium
35%
A class of drugs used to lower cholesterol Statin
29%
Short name for a speedy drug used by both Allied and Axis forces during WWII Meth
28%
Large-capacity receptacle from which one might sip a rauchbier, perhaps Stein
27%
Sinister, eyeball-stealing alien collective featured in Star Trek Borg
25%
Oganesson / Tennessine
25%
Phosphorus
25%
Einsteinium
24%
British submachine gun used in WWII Sten
22%
Darmstadtium
21%
Twice-repeated nonsense word in the title of a Tommy James and the Shondells hit song from 1968, made popular again by Billy Idol in 1981 Mony
19%
Seven-letter element containing the name of a six-letter element Terbium
18%
Tungsten
18%
Ytterbium
17%
Dysprosium
16%
Antimony
15%
Astatine
13%
Seaborgium
12%
Promethium
9%
Lutetium
7%
Roentgenium
5%
No matching quizzes found
Score Distribution
Percent of People with Each Score
Percentile by Number Answered
Your Score History
You have not taken this quiz